1354 1064 1832 1742 1223 1285 1082 1078 1662 1413 1330 1142 1373 1822 1110 1708 1502 1133 1751 1827 1461 1631 1624 1222 1984 1902 1403 1604 1155 1462 1293 1731 1942 1129 1739 1666 1068 1743 1005 1979 1600 1301 1924 1779 1331 1346 1410 1420 1941 1043 1505 1879 1005 1266 1587 2000 1124 1190 1207 1127 1209 1162 1550 1971 1131 1169 1724 1211 1671 1741 1722 1445 1041 1895 1604 1787 1496 1434 1531 1536 1419 1300 1754 1872 1989 1683 1352 1556 1763 1642 1472 1181 1377 1013 1019 1572 1255 1581 1384 BCNSPRNW ULIB Ver.6.0+V

เปลี่ยนเป็นภาษาไทย

Change to English
 แสดงรายละเอียดบรรณานุกรม
  กลับหน้าหลัก

Brief Record : Get Marc (ISO 2709) : E-mail record : QR code < ปิดหน้าต่าง
LEADER : 00000nam 2200000uu 4500
001    13399124781
003     ULIB
008    160323s2014||||th 000 0 eng d
020    ^a9781451189759
060  0 ^aWY106^bA425C
100 0  ^aAllender, Judith Ann
245 00 ^aCommunity and Public Health Nursing : Promoting the Public^'s Health /^cAllender, Judith Ann
250    ^a8 th.ed. (31 ม.ค.57)
260    ^aPhiladelphia :^bWolters Kluwer/Lippincott Williams & Wilkins,^c2014
300    ^a1086 p. :^bIllus ; Table ;^c27.5 ซม.
650  0 ^aCommunity Health Nursing
650  0 ^aPublic Health Nursing
700 1  ^aRector, Cherie
700 1  ^aWarner, Kristine
945    ^p3000^l0^i000330
999    ^aเกษร โพธิ์สุวรรณ
รายการนี้ยังไม่มีแท็ก
คุณยังไม่ได้ล็อกอิน คุณสามารถมีกิจกรรมร่วมกับเว็บไซต์ได้ แต่ต้องล็อกอินก่อน ::
  ล็อกอิน

รายการสื่อสารสนเทศ

ลำดับที่ ประเภท เลขเรียก/บาร์โค้ด สถานที่ สถานะ
1. Book การพยาบาล
Book การพยาบาล
WY106 A425C ฉ.1 
  Barcode: 000330
ห้องสมุดวิทยาเขตสวรรค์ประชารักษ์
►หนังสือทั่วไป
บนชั้น

รายการใกล้เคียง
    หัวเรื่อง [Community Health Nursing]
    หัวเรื่อง [Public Health Nursing]

BibComment


ยังไม่เคยถูกคอมเมนท์

คอมเมนท์ทรัพยากรรายการนี้
  คอมเมนท์: Community and Pu..


 Copyright 2026. Bcnsprnw @Library